000 00374nam a22001697a 4500
005 20160620141911.0
008 160620b xxu||||| |||| 00| 0 eng d
020 _a81-8307-145-7
041 _aeng
082 _b8557
100 _aMakowski, Francois
_92325
245 _aFrench made Easey
260 _bGoyel
300 _a313
650 _aManagement
_9241
942 _cBK
999 _c3284
_d3283